| 000 | 00740na a2200265 4500 | ||
|---|---|---|---|
| 001 | 23150 | ||
| 003 | MIRAKIL | ||
| 005 | 20181213155012.0 | ||
| 008 | 170721b tu 000 0 | ||
| 020 | _a9786054048144 | ||
| 040 |
_aMilas _btur _cTR-AnCHP |
||
| 041 | _atur | ||
| 082 |
_a658.301 _bİ57 2009 |
||
| 090 | _a658.301 İ57 2009 | ||
| 245 |
_aİnsan kaynakları _cproje İrfan Çiçek; Eğitmen Canan Çetin |
||
| 260 |
_aİstanbul _bkitapdostu yayınları _c2009 |
||
| 300 |
_a78 s. _bfotğ. _c19 sm. |
||
| 440 |
_akitapdostu yayınları _v12 |
||
| 490 |
_aKişisel gelişim _v5 |
||
| 650 | _aKişisel Gelişim | ||
| 650 | _aİnsan kaynakları | ||
| 700 | _aÇetin, Canan | ||
| 700 | _aÇiçek, İrfan | ||
| 942 |
_2ddc _cBKS |
||
| 999 |
_c4603 _d4603 |
||